| 000 | 01071 a2200241 4500 | ||
|---|---|---|---|
| 001 | 62783 | ||
| 005 | 20260407155921.0 | ||
| 008 | 260407a1996 arg spa d | ||
| 003 | AR-UNSa-BCEJYS | ||
| 040 |
_aAR-UNSa-BCEJYS _bspa _cAR-UNSa-BCEJYS |
||
| 080 |
_a504:657.6 _xAuditoría Medioambiental |
||
| 245 | 1 | 0 |
_aManual de auditoría medioambiental _pHigiene y seguridad |
| 020 | _a978-84-481-0586-0 | ||
| 250 | _a2a. ed. | ||
| 264 | 1 |
_aMadrid : _bMcGraw-Hill _c1996 |
|
| 300 |
_axix, 676 p. _c24 cm. |
||
| 505 | _a1. Introducción - 2. Los beneficios de un programa de auditoría EHS – 3. El desarrollo de la auditoría EHS como disciplina – 4. Confección del programa de auditoría EHS propio – 5. La auditoría de seguridad – 6. Planeamientos de auditorías EHS de algunas industrias – 7. El interés general en la auditoría EHS - | ||
| 041 | _aspa | ||
| 942 | _cBK | ||
| 590 | _aniveau_biblio:m niveau_hierar:0 | ||
| 100 | 1 | _aHarrison, Lee | |
| 856 | 4 | 1 |
_uhttp://www.biblioeco.unsa.edu.ar/pmb/images/libros/L129373.jpg _yImagen de portada _qimage/jpeg |
| 999 |
_c7804 _d7804 |
||